000
00329nam a2200121 a 4500
005
20140414093832.0
008
970109s19uu xx 00 eng d
050
_a
VHS 400
_b
OR 01
245
_a
Lyric Language :
_b
A bilingual Music Program /French/English.
440
_a
Series 2 (35 Minutes)
942
_c
AVM
999
_c
108773
_d
108773